[Event "Doeberl Cup 43rd"]
[Site "Canberra"]
[Date "2005.03.26"]
[Round "4"]
[White "Steadman, Michael VR"]
[Black "Flitney, Adrian"]
[Result "1-0"]
[WhiteElo "2222"]
[BlackElo "2035"]
[PlyCount "53"]
[EventDate "2005.03.25"]
[EventType "swiss"]
[EventRounds "7"]
[EventCountry "AUS"]
[SourceTitle "CBM 105 Extra"]
[Source "ChessBase"]
[SourceDate "2005.05.01"]
[SourceVersion "1"]
[SourceVersionDate "2005.05.01"]
[SourceQuality "1"]

1. d4 d5 2. c4 e6 3. Nc3 c5 4. cxd5 cxd4 5. Qxd4 Nc6 6. Qd1 exd5 7. Qxd5 Bd7 8. Qd1 Bc5 9. Nf3 Nf6 10. e3 Qe7 11. a3 0-0-0 12. Qc2 Kb8 13. Be2 g5 14. b4 g4 15. Nd2 Bb6 16. Nc4 Bc7 17. Bb2 Be6 18. Nb5 Rhe8 19. Nxc7 Kxc7 20. b5 Bxc4 21. Qxc4 Ne4 22. bxc6 Rd2 23. cxb7+ Kb8 24. Bd4 f5 25. 0-0 f4 26. Bxg4 Qh4 27. Qc8+ 1-0